• 首页
  • 本馆介绍
  • 公告通知
  • 最新文献
  • 馆藏检索
  • 电子资源
  • 读者导购
  • 参考咨询
  • 我的图书馆
  • 登录
  • 详细信息显示
  • 放入我的书架
  • 预约/预借图书
  • 作者相关作品
  • 分类相关作品
  • 丛书相关作品
  • 出版社相关作品

书目信息

  • 表格格式
  • 工作单格式
  • 卡片格式
题名:
孔子集语译注
    
 
作者: 孟庆祥 , 孟繁红 译注
分册: 上  
出版信息: 哈尔滨   黑龙江人民出版社  2003
页数: 14,366页
开本: 22cm
丛书名: 二十二子详注全译
单 册:
中图分类: B222.24
科图分类:
主题词: 儒家
电子资源:
ISBN: 7-207-04394-5
000 01017oam2 2200277 450
001 05002241390
005 20051226095550.79
010    @a7-207-04394-5@dCNY509.10(全套)
092    @aCN
100    @a20050627e20042003ekmy0chiy0120 ea
101 0  @achi
102    @aCN@b230000
105    @ay z 000yy
200 1  @a孔子集语译注@9kong zi ji yu yi zhu@h上@f孟庆祥,孟繁红译注@Fmeng qing xiang,meng fan hong yi zhu
210    @a哈尔滨@c黑龙江人民出版社@d2003@h2004重印
215    @a14,366页@d22cm
225 2  @a二十二子详注全译@f韩格平,董莲池主编
330    @a《孔子集语》分《劝学》、《考本》、《五性》、《六艺》、《主德》、《臣术》、《交道》、《论人》、《论政》、《博物》、《事谱》等共十四类,反映了孔子的教育治学思想及伦理道德观。
461  0 @12001 @a二十二子详注全译
600  0 @a孔丘@f(前551~前479)@x语录@x译文
606 0  @a儒家
690    @aB222.24@v4
701  0 @a孟庆祥@Ameng qing xiang@4译注
701  0 @a孟繁红@Ameng fan hong@4译注
801  0 @aCN@bNLC@c20051226
905    @a10447@dB222.24@e231:1
    
    孔子集语译注.上/孟庆祥,孟繁红译注.-哈尔滨:黑龙江人民出版社,2003(2004重印)
    14,366页;22cm.-(二十二子详注全译/韩格平,董莲池主编)
    
    
    ISBN 7-207-04394-5:CNY509.10(全套)
    《孔子集语》分《劝学》、《考本》、《五性》、《六艺》、《主德》、《臣术》、《交道》、《论人》、《论政》、《博物》、《事谱》等共十四类,反映了孔子的教育治学思想及伦理道德观。
●
相关链接 在E读中查询图书 在五车中查询图书 在当当中查询图书 在豆瓣中查询图书


正题名:孔子集语译注     索取号:B222.24/231:1         预约/预借

序号 登录号 条形码 馆藏地/架位号 状态 备注
1 0369809   203698098   第一样本阅览室/ [索取号:B222.24/231:1] 在馆    
2 0369810   203698105   密集书库/ [索取号:B222.24/231:1] 在馆    
3 0372495   203724951   第一借阅区/ [索取号:B222.24/231:1] 在馆    
4 0372496   203724960   密集书库/ [索取号:B222.24/231:1] 在馆    
5 0372497   203724979   密集书库/ [索取号:B222.24/231:1] 在馆    
唐山师范学院图书馆 欢迎您!
大连网信软件有限公司© 版权所有